000 00844cam a2200277 a 4500
001 6095
003 BD-RjUL
005 20211208234202.0
008 850131s1983 ru a b 000 0 eng
035 _a(BD-RjUL)
040 _aDLC
_cDLC
_dDLC
_beng
041 1 _aengrus
082 0 0 _a511.3
_219
_bUSP 1983
100 1 _aUspenskii, V. A.
_q(Vladimir Andreevich)
_919185
245 1 0 _aPost's machine /
_cV.A. Uspensky ; translated from the Russian by R. Alavina.
260 _aMoscow :
_bMir Publishers,
_c1983.
300 _a88 p. :
_bill. ;
_c20 cm.
500 _aTranslation of: Mashina Posta.
504 _aIncludes bibliographical references.
650 0 _aPost machines.
_919187
942 _2ddc
_cBK
999 _c6095
_d6095